| 000 | 00719cam a22002411 4500 | ||
|---|---|---|---|
| 001 | 9408561 | ||
| 003 | ARRUPE | ||
| 005 | 20160211154330.0 | ||
| 008 | 720302s19641963fr 000 0 eng | ||
| 010 | _a 66038580 | ||
| 035 | _a(OCoLC)254510 | ||
| 040 |
_aDLC _cOSW _dTNJ _dDLC |
||
| 042 | _apremarc | ||
| 050 | 0 | 0 |
_aPN3503. _b.R583 |
| 100 | 1 |
_aRobbe-Grillet, Alain, _d1922-2008. _922268 |
|
| 245 | 1 | 0 |
_aPour un nouveau roman. _cby Robbe-Grillet, Alain, |
| 260 |
_aParis _bLes editions de minuit _c c1963 |
||
| 300 |
_a183 p.; _c16 cm. |
||
| 490 | 0 | _aCollection critique | |
| 650 | 0 |
_aFiction. _vaddresses _y20th century _922269 |
|
| 906 |
_a7 _bcbc _coclcrpl _du _encip _f19 _gy-gencatlg |
||
| 942 |
_2lcc _cMONOGRAPH |
||
| 999 |
_c124166 _d124166 |
||